| 000 | 00594nam a2200181 i 4500 | ||
|---|---|---|---|
| 001 | 86541 | ||
| 003 | ES-MaACL | ||
| 005 | 20230906175454.0 | ||
| 007 | t| | ||
| 008 | 041213s1953 sp ||||1| spa d | ||
| 100 | 1 |
_aKeynes, Geoffrey. _967978 |
|
| 245 | 1 | 0 |
_aTransfusión de sangre / _cGeoffrey Keynes ; versión española por Baldomero Cordón Bonet. |
| 260 |
_aMadrid : _bAguilar, _c[1953] ( _fGrijelmo) |
||
| 300 |
_aXVI, 560 p., 1 lám. : _bil. ; _c22 cm. |
||
| 650 | 4 |
_aSangre- _xTransfusión. _9144478 |
|
| 700 | 1 |
_aCordón Bonet, Baldomero. _940561 |
|
| 852 |
_aES-MaACL _jC-5750 _bR.35036 |
||
| 999 |
_c86541 _d86541 |
||